Meniti Kasih Di Selembar Benang

Bibliographic Details
Main Author: Fredy S.
Format: Book
Published: Kuala Lumpur : Ciptaan Jiwaseni Sdn. Bhd. , 1996
Subjects:

MARC

LEADER 00000cam a2200000 7i4500
001 0000009411
005 20120815.0
008 120815 bm
020 |a 9838810150 
090 0 0 |a F FRE 
100 1 |a Fredy S. 
245 1 0 |a Meniti Kasih Di Selembar Benang   |c Fredy S. 
260 |a Kuala Lumpur :   |b Ciptaan Jiwaseni Sdn. Bhd. ,   |c 1996 
300 |a 208p. ;   |c 18cm. 
650 0 0 |a Malay Fiction 
999 |a 0000135249   |b Buku   |c Rak Terbuka   |e Perpustakaan Cawangan Masjid Tanah 
999 |a 0000262861   |b Buku   |c Rak Terbuka   |e Perpustakaan Sekolah Henrey Gurney 
999 |a 40445   |b Buku   |c Rak Terbuka   |e Perpustakaan Cawangan Jasin